| 000 | 01182nam a2200289 c 4500 | ||
|---|---|---|---|
| 999 |
_c114503 _d114503 |
||
| 003 | BLK | ||
| 005 | 20220530165924.0 | ||
| 008 | 180409b bul|||||r ||||||| ||bul|| | ||
| 010 | _aKNG00119934000 | ||
| 040 | _aBLK | ||
| 041 |
_aBUL _cBUL |
||
| 080 |
_aИкономическо положение. Икономическа политика. Управление. Планиране. Производство. Услуги. Цени _b338 _z338 |
||
| 100 | 1 |
_aВълев, Никола Хр. _eпърви автор _9313521 |
|
| 139 |
_aВълев, Никола Хр. _bВ 92 |
||
| 245 | 1 | 0 |
_aПропорции в националния доход на НР България _cНикола Хр. Вълев. |
| 257 | _aBGR | ||
| 260 |
_bНаука и изкуство _c1966 _fПлевен : Ал. Пъшев _aСофия |
||
| 300 |
_a208 с. _c20 см |
||
| 380 | _a3 | ||
| 500 | _a880 тир. - Рез. на рус. и нем. ез. | ||
| 650 | 4 |
_aНационален доход - България _9276911 |
|
| 852 |
_aЦб 37338 _bЦб |
||
| 856 | 4 | _qpdf | |
| 856 | 4 | _qpdf | |
| 942 |
_cKNG _n0 _s1 |
||
| 944 |
_aCR _c16.09.2016 _kГрета_Цуфелде |
||
| 944 |
_aED _c16.09.2016 _kГрета_Цуфелде |
||
| 944 |
_aED _c2022-05-30 _kВП |
||
| 999 | _d114503 | ||